00643nam a2200229Ia 4500001000800000003000500008005001700013008004100030010001100071020001800082040000900100082001900109100003700128245008200165260006300247300001100310503000800321504003100329650001100360650002100371650002100392dia_920CHAP20230116130339.0220117s1997 xx 000 0 und d a171468 a84-7721-471-9 cCHAP a663.2 A54 1997 aAleixandre Benavent, José Luis aLa cultura del vino : cata y degustación /c Jose Luis Aleixandre Benavent aEspaña :b Universidad Politécnica de Valencia,c1997 a361 p. aC/e aBibliografía: p. 357-361 aVino  aVinoxAnálisis aVinoxHistoria